Пропуск в контексте

Опыты с электричеством и магнетизмом

Книга содержит описание методики и техники учебных экспериментов по электричеству и магнетизму, демонстрируемых в Казанском федеральном университете. Она будет полезна преподавателям и учителям физики, студентам, обучающимся по физическим специальностям и всем, кто увлекается физическими эксперимент...

Полное описание

Сохранить в:
Библиографические подробности
Главный автор: Даминов Р. В.
Формат: Книга
Язык:Russian
Опубликовано: Казань КФУ 2016
Online-ссылка:http://e.lanbook.com/books/element.php?pl1_id=77651
https://e.lanbook.com/img/cover/book/77651.jpg
Метки: Добавить метку
Нет меток, Требуется 1-ая метка записи!
LEADER 01761nam0a2200277 i 4500
001 77651
003 RuSpLAN
005 20221220173951.0
008 221220s2016 ru gs 000 0 rus
020 |a 978-5-00019-593-2 
040 |a RuSpLAN 
041 0 |a rus 
044 |a ru 
080 |a 537 
084 |a 22.33  |2 rubbk 
245 0 0 |a Опыты с электричеством и магнетизмом  |c Даминов Р. В. 
260 |a Казань  |b КФУ  |c 2016 
300 |a 184 с. 
500 |a Рекомендовано Учебно-методическим советом Института физики Казанского федерального университета (протокол № 3 от 08.12.2015) 
504 |a Библиогр.: доступна в карточке книги, на сайте ЭБС Лань 
520 8 |a Книга содержит описание методики и техники учебных экспериментов по электричеству и магнетизму, демонстрируемых в Казанском федеральном университете. Она будет полезна преподавателям и учителям физики, студентам, обучающимся по физическим специальностям и всем, кто увлекается физическими экспериментами и техническим творчеством. 
521 8 |a Книга из коллекции КФУ - Физика 
100 1 |a Даминов Р. В. 
856 4 |u http://e.lanbook.com/books/element.php?pl1_id=77651 
856 4 8 |u https://e.lanbook.com/img/cover/book/77651.jpg 
953 |a https://e.lanbook.com/img/cover/book/77651.jpg